| 000 | 00583nam a22001697a 4500 | ||
|---|---|---|---|
| 003 | NUST | ||
| 005 | 20231017110158.0 | ||
| 008 | 190625b ||||| |||| 00| 0 eng d | ||
| 038 | _aMr. Zahoor | ||
| 082 | _a621.3 | ||
| 100 |
_aNarayan Longani _915549 |
||
| 245 |
_aPerformance of extended Order High Gain Observer for Filtering of Inertial Measurement Unit Data and Its Comparison with Kalman Filter _cNarayan Longani |
||
| 300 |
_axii, 72 p. : ill. ; _c30 cm. |
||
| 500 | _aHard Cover | ||
| 600 |
_2Electrical Enginering - MS Thesis _aNarayan Longani _915549 |
||
| 942 |
_2ddc _cTHE |
||
| 999 |
_c524756 _d524756 |
||